[Event "Festival St-Denis"]
[Site "Montreal CAN"]
[Date "2017.07.30"]
[Round "9.6"]
[White "Durette, Francis"]
[Black "Leveille, Francois"]
[Result "0-1"]
[WhiteElo "2094"]
[BlackElo "2310"]
[WhiteFideId "-1"]
[WhiteFideId "-1"]
[PlyCount "86"]
[GameId "2160767908347863"]
[EventDate "2017.07.22"]
[EventType "swiss"]
[EventRounds "9"]
[EventCountry "CAN"]

1. c4 g6 2. g3 Bg7 3. Bg2 d6 4. Nc3 Nc6 5. d3 Bd7 6. e4 a6 7. Nge2 Rb8 8. a4 Qc8 9. Nd5 b5 10. Qc2 e6 11. Ne3 h5 12. axb5 axb5 13. h4 Nf6 14. O-O O-O 15. Bd2 bxc4 16. dxc4 Nb4 17. Qb3 c5 18. Nc2 Nc6 19. Qa3 Ne5 20. b3 Bc6 21. f3 Ra8 22. Qc1 d5 23. exd5 exd5 24. Na3 dxc4 25. bxc4 Qf5 26. Nf4 Nd3 27. Nxd3 Qxd3 28. Qc3 Rfd8 29. Be1 Ne8 30. Qxd3 Rxd3 31. Rb1 Raxa3 32. Bf2 Bd4 33. Rb6 Bxf3 34. Rb8 Kf8 35. Bxd4 cxd4 36. Rxf3 Rxf3 37. Rd8 Rxg3 38. Kf2 Rg4 39. c5 Ke7 40. Rd5 Nc7 41. Re5+ Ne6 42. Rd5 Rxh4 43. c6 Rh2 0-1

[Event "Festival St-Denis"]
[Site "Montreal CAN"]
[Date "2017.07.30"]
[Round "9.8"]
[White "Robichaud, Louis"]
[Black "Yagiz, Bora"]
[Result "1-0"]
[WhiteElo "2152"]
[BlackElo "1837"]
[WhiteFideId "-1"]
[WhiteFideId "-1"]
[PlyCount "63"]
[GameId "2160767908347865"]
[EventDate "2017.07.22"]
[EventType "swiss"]
[EventRounds "9"]
[EventCountry "CAN"]

1. e4 d6 2. g3 Nf6 3. Bg2 e5 4. Ne2 c6 5. O-O h5 6. d4 Be7 7. Nd2 Nbd7 8. b3 Qc7 9. Bb2 b6 10. c4 Bb7 11. h3 a6 12. Qc2 Rc8 13. f4 c5 14. fxe5 dxe5 15. d5 Nf8 16. Nf4 Bd6 17. Rad1 N8d7 18. Nd3 Ke7 19. Nf3 Rce8 20. Ng5 Nf8 21. Rf5 Ng6 22. Rdf1 Bc8 23. Rxf6 gxf6 24. Qf2 Ref8 25. Qxf6+ Ke8 26. Nxf7 Rxf7 27. Qxg6 Rhh7 28. Rxf7 Rxf7 29. Qxh5 Qe7 30. Bxe5 Kd7 31. Bxd6 Kxd6 32. e5+ 1-0

[Event "Festival St-Denis"]
[Site "Montreal CAN"]
[Date "2017.07.30"]
[Round "9.9"]
[White "Saha, Ananda"]
[Black "Guipi Bopala, Prince Eric jr"]
[Result "1-0"]
[WhiteElo "2144"]
[BlackElo "1941"]
[WhiteFideId "-1"]
[WhiteFideId "-1"]
[PlyCount "146"]
[GameId "2160767908347866"]
[EventDate "2017.07.22"]
[EventType "swiss"]
[EventRounds "9"]
[EventCountry "CAN"]

1. Nf3 d5 2. d4 e6 3. c4 f5 4. g3 Nf6 5. Bg2 c6 6. O-O Bd6 7. a4 a5 8. Nc3 O-O 9. c5 Bc7 10. b4 axb4 11. Na2 Nbd7 12. Nxb4 Ne4 13. Nd3 Qf6 14. Qc2 Nb8 15. Rb1 Nd7 16. Ra1 Re8 17. Ra3 Rf8 18. Nfe5 Nxe5 19. dxe5 Qe7 20. h4 Ra5 21. Be3 Rd8 22. Bd4 g5 23. hxg5 Nxg5 24. Bc3 Ra7 25. Bd2 Nf7 26. Bf4 Kh8 27. f3 Rg8 28. Kf2 b5 29. Qb3 bxa4 30. Rxa4 Rb7 31. Qa2 Bd7 32. Rb1 Rxb1 33. Qxb1 Rb8 34. Qa1 Qd8 35. Qh1 Ra8 36. Rxa8 Qxa8 37. Qh5 Qf8 38. g4 fxg4 39. Qxg4 Qg7 40. Qh5 Bd8 41. Bh3 Qg6 42. Qxg6 hxg6 43. Be3 g5 44. Bd4 Kg7 45. Kg3 Nh6 46. e3 Nf5+ 47. Bxf5 exf5 48. e6+ Kf8 49. exd7 Ke7 50. Ne5 Bc7 51. f4 Bxe5 52. Bxe5 g4 53. Kh4 Kxd7 54. Bc3 Ke6 55. Be1 d4 56. exd4 Kd5 57. Bf2 Ke4 58. Kg5 Kf3 59. Kxf5 Kxf2 60. Kxg4 Ke3 61. f5 Kxd4 62. f6 Kxc5 63. f7 Kd4 64. f8=Q c5 65. Qf2+ Kc4 66. Qc2+ Kd4 67. Kf4 c4 68. Kf3 Kd5 69. Ke3 Kc5 70. Qc3 Kd5 71. Qd4+ Ke6 72. Qxc4+ Kd6 73. Ke4 Ke7 1-0

[Event "Festival St-Denis"]
[Site "Montreal CAN"]
[Date "2017.07.30"]
[Round "9.10"]
[White "Gauthier, Denis"]
[Black "Johnson-Constantin, Mathieu"]
[Result "0-1"]
[WhiteElo "1944"]
[BlackElo "2048"]
[WhiteFideId "-1"]
[WhiteFideId "-1"]
[PlyCount "40"]
[GameId "2160767908347867"]
[EventDate "2017.07.22"]
[EventType "swiss"]
[EventRounds "9"]
[EventCountry "CAN"]

1. d4 Nf6 2. c4 g6 3. Nc3 d5 4. Bf4 Bg7 5. e3 c5 6. dxc5 Qa5 7. Rc1 O-O 8. Nf3 Na6 9. a3 Rd8 10. Qa4 Qxa4 11. Nxa4 Bd7 12. Nc3 Nxc5 13. cxd5 Rac8 14. Bc4 b5 15. Be2 Nxd5 16. Be5 Na4 17. Bxg7 Kxg7 18. O-O Naxc3 19. bxc3 Nxc3 20. Bd3 Bf5 0-1

[Event "Festival St-Denis"]
[Site "Montreal CAN"]
[Date "2017.07.30"]
[Round "9.11"]
[White "Steinberg, Ellis"]
[Black "Abbas, Talal"]
[Result "0-1"]
[WhiteElo "1815"]
[BlackElo "1923"]
[WhiteFideId "-1"]
[WhiteFideId "-1"]
[PlyCount "80"]
[GameId "2160767908347868"]
[EventDate "2017.07.22"]
[EventType "swiss"]
[EventRounds "9"]
[EventCountry "CAN"]

1. e4 g6 2. d4 Bg7 3. f4 c5 4. c3 cxd4 5. cxd4 Qb6 6. Nf3 Nc6 7. e5 d6 8. Qb3 dxe5 9. dxe5 Bg4 10. Qxb6 axb6 11. Nc3 Bxf3 12. gxf3 Nd4 13. Kf2 Nh6 14. Nb5 O-O-O 15. Nxd4 Rxd4 16. Be3 Rb4 17. Rb1 Nf5 18. a3 Rb3 19. Bd2 Rd8 20. Bc3 b5 21. Be2 Bh6 22. Bd1 Rxc3 23. bxc3 Bxf4 24. Be2 Rd2 25. Rhd1 Rc2 26. Rxb5 Rxc3 27. Rdb1 Rxa3 28. Rxb7 Bxe5 29. R7b4 Bxh2 30. Rc1+ Kd8 31. Rd1+ Ke8 32. f4 Bg3+ 33. Kg1 Kf8 34. Rb8+ Kg7 35. Rb4 h5 36. Rd3 Ra1+ 37. Rd1 Ra2 38. Re4 h4 39. Bg4 Bh2+ 40. Kf1 Ng3+ 0-1

[Event "Festival St-Denis"]
[Site "Montreal CAN"]
[Date "2017.07.30"]
[Round "9.12"]
[White "Goldner, John"]
[Black "Joanis, Marc-Andre"]
[Result "1/2-1/2"]
[WhiteElo "1766"]
[BlackElo "1849"]
[WhiteFideId "-1"]
[WhiteFideId "-1"]
[PlyCount "149"]
[GameId "2160767908347869"]
[EventDate "2017.07.22"]
[EventType "swiss"]
[EventRounds "9"]
[EventCountry "CAN"]

1. e4 e5 2. Nf3 Nc6 3. Bb5 a6 4. Ba4 Nf6 5. d3 b5 6. Bb3 Be7 7. O-O d6 8. c3 O-O 9. Re1 Na5 10. Bc2 c5 11. Nbd2 Nc6 12. Nf1 g6 13. Bh6 Re8 14. h3 Bf8 15. Bg5 Be7 16. a4 Bb7 17. axb5 axb5 18. Rxa8 Qxa8 19. Bb3 Na5 20. Ba2 Qa6 21. b4 cxb4 22. cxb4 Nc6 23. Qb3 Nd8 24. Bh6 Bf8 25. Bg5 Be7 26. Rc1 Ne6 27. Be3 Ra8 28. Rc2 Ne8 29. N1h2 Qa4 30. Qb1 Qa3 31. Rb2 N8c7 32. Ng4 Kg7 33. Kh2 Nf4 34. Bxf4 exf4 35. Kg1 h5 36. Ngh2 Bf6 37. Rc2 Na6 38. Qb3 Qxb3 39. Bxb3 Rc8 40. Rxc8 Bxc8 41. Ne1 Nxb4 42. Nhf3 g5 43. d4 Nc6 44. d5 Nd4 45. Nxd4 Bxd4 46. Nd3 Kf6 47. Kf1 Bc3 48. f3 b4 49. Ke2 Ba6 50. Bc2 Bc4 51. Kf2 Ke7 52. Nc1 Bd4+ 53. Ke1 f6 54. Nb3 Bc3+ 55. Kf2 Kd7 56. Na5 Bb5 57. Nb3 Kc7 58. Nc1 Kb6 59. Nb3 h4 60. Bb1 Bc4 61. Bc2 Kb5 62. Nc1 Bd4+ 63. Ke1 Kb6 64. Nb3 Bc3+ 65. Kf2 Kc7 66. Na5 Bb5 67. Nb3 Kd7 68. Na5 Ke7 69. Nc6+ Ke8 70. Bb3 Bd3 71. Na5 Kd7 72. Nc6 Bb5 73. Na5 Kc7 74. Bc2 Kb6 75. Nb3 1/2-1/2

[Event "Festival St-Denis"]
[Site "Montreal CAN"]
[Date "2017.07.30"]
[Round "9.13"]
[White "Vignalou, Joseph"]
[Black "Gil, Bernardo"]
[Result "1-0"]
[WhiteElo "1848"]
[BlackElo "1762"]
[WhiteFideId "-1"]
[WhiteFideId "-1"]
[PlyCount "101"]
[GameId "2160767908347870"]
[EventDate "2017.07.22"]
[EventType "swiss"]
[EventRounds "9"]
[EventCountry "CAN"]

1. e4 g6 2. d4 Bg7 3. c4 d6 4. Nc3 Nf6 5. f3 O-O 6. Be3 b6 7. Qd2 c5 8. Nge2 Re8 9. O-O-O Ba6 10. b3 Nc6 11. h4 Rb8 12. h5 e5 13. d5 Ne7 14. g4 b5 15. cxb5 Bxb5 16. Nxb5 Rxb5 17. Nc3 Rb4 18. Bc4 Qa5 19. hxg6 Nxg6 20. Nb1 Qb6 21. Qc2 Rb8 22. Bh6 Bxh6+ 23. Rxh6 Nd7 24. Rdh1 Ndf8 25. Nd2 Qd8 26. Nf1 Qg5+ 27. Qd2 Nf4 28. Ne3 Rxc4+ 29. Nxc4 Ne2+ 30. Kd1 Qxd2+ 31. Nxd2 Nc3+ 32. Ke1 Nxa2 33. Rxd6 Ng6 34. Ra6 Nc1 35. Rxa7 Nxb3 36. Nxb3 Rxb3 37. Kf2 Nf4 38. Rd1 Rb2+ 39. Kg1 Rg2+ 40. Kh1 Rg3 41. d6 Rh3+ 42. Kg1 Rg3+ 43. Kf1 Rh3 44. Rd5 Rh1+ 45. Kf2 Rh2+ 46. Ke1 Rh1+ 47. Kd2 Rh2+ 48. Kc3 Rh6 49. d7 Nxd5+ 50. exd5 Rd6 51. Ra8+ 1-0

[Event "Festival St-Denis B"]
[Site "Montreal CAN"]
[Date "2017.07.22"]
[Round "1.16"]
[White "Omichi, Haruaki"]
[Black "Singh, Jagpreet"]
[Result "0-1"]
[WhiteElo "1632"]
[BlackElo "1791"]
[WhiteFideId "-1"]
[WhiteFideId "-1"]
[PlyCount "108"]
[GameId "2160767908347871"]
[EventDate "2017.07.22"]
[EventType "swiss"]
[EventRounds "8"]
[EventCountry "CAN"]

1. e4 c5 2. Ne2 d6 3. Nbc3 Nf6 4. g3 g6 5. Bg2 Bg7 6. O-O Nc6 7. d3 O-O 8. f4 Rb8 9. a4 Nd4 10. h3 h5 11. Be3 e5 12. fxe5 dxe5 13. Bg5 Qd6 14. Qd2 Kh7 15. Nxd4 cxd4 16. Nb5 Qb6 17. Nxa7 Bd7 18. Nb5 Ng8 19. Qb4 f6 20. Bd2 Rfc8 21. Rfc1 Bf8 22. Qa5 Qxa5 23. Bxa5 Ra8 24. b4 Bxb5 25. axb5 Bh6 26. Rf1 Rxc2 27. Rfd1 Be3+ 28. Kh1 Nh6 29. Bb6 Rca2 30. Ba5 Rxa1 31. Rxa1 b6 32. Bf3 Nf7 33. Bd1 Nd6 34. Bb3 Nxb5 35. Bc4 Nc3 36. Kg2 Bh6 37. h4 Bf8 38. Rf1 bxa5 39. bxa5 Rxa5 40. Rxf6 Bg7 41. Rc6 Ra7 42. Kf3 Nd1 43. g4 hxg4+ 44. Kxg4 Ne3+ 45. Kg5 Ra1 46. h5 Rg1+ 47. Kh4 Rh1+ 48. Kg3 Rxh5 49. Bf7 Rg5+ 50. Kh4 Rg1 51. Rc8 Bf6+ 52. Kh3 Bg5 53. Kh2 Rg2+ 54. Kh1 Rf2 0-1

[Event "Festival St-Denis B"]
[Site "Montreal CAN"]
[Date "2017.07.22"]
[Round "1.17"]
[White "Blanchette, Rene"]
[Black "Daniel, Garcia Rojo"]
[Result "1-0"]
[WhiteElo "1782"]
[BlackElo "1600"]
[WhiteFideId "-1"]
[WhiteFideId "-1"]
[PlyCount "35"]
[GameId "2160767908347872"]
[EventDate "2017.07.22"]
[EventType "swiss"]
[EventRounds "8"]
[EventCountry "CAN"]

1. e4 c5 2. Nf3 Nc6 3. d4 cxd4 4. Nxd4 d6 5. Nc3 Nf6 6. Bc4 g6 7. Bb3 Bg7 8. f3 Nxe4 9. Nxc6 bxc6 10. fxe4 Qa5 11. Qf3 O-O 12. Bd2 Qc7 13. O-O-O c5 14. Nd5 Qb7 15. Bg5 Re8 16. Rhf1 f6 17. Nxf6+ Kf8 18. Nd7# 1-0

[Event "Festival St-Denis B"]
[Site "Montreal CAN"]
[Date "2017.07.22"]
[Round "1.18"]
[White "Sonn, Eric"]
[Black "Villeneuve, Benoit"]
[Result "0-1"]
[WhiteElo "1592"]
[BlackElo "1777"]
[WhiteFideId "-1"]
[WhiteFideId "-1"]
[PlyCount "62"]
[GameId "2160767908347873"]
[EventDate "2017.07.22"]
[EventType "swiss"]
[EventRounds "8"]
[EventCountry "CAN"]

1. e4 c5 2. Nf3 d6 3. d4 cxd4 4. Nxd4 Nf6 5. Nc3 a6 6. h3 e5 7. Nde2 Be6 8. g4 Be7 9. Bg2 Nc6 10. Be3 Rc8 11. O-O b5 12. Qd2 Na5 13. b3 O-O 14. Rac1 Nc6 15. Ng3 g6 16. Rfd1 Qc7 17. Nce2 Rfd8 18. Bh6 d5 19. Nf5 Ba3 20. Qg5 Ne8 21. Qh4 Bxf5 22. exf5 Bxc1 23. Bxc1 Qe7 24. Qg3 Nb4 25. c3 Nxa2 26. Bd2 b4 27. cxb4 Nxb4 28. f4 Qc5+ 29. Kh1 Qc2 30. Re1 Qxd2 31. fxe5 Nd3 0-1

[Event "Festival St-Denis B"]
[Site "Montreal CAN"]
[Date "2017.07.23"]
[Round "2.1"]
[White "Singh, Jagpreet"]
[Black "Richard, Leo"]
[Result "1-0"]
[WhiteElo "1791"]
[BlackElo "1701"]
[WhiteFideId "-1"]
[WhiteFideId "-1"]
[PlyCount "85"]
[GameId "2160767908347874"]
[EventDate "2017.07.22"]
[EventType "swiss"]
[EventRounds "8"]
[EventCountry "CAN"]

1. e4 d5 2. exd5 Qxd5 3. Nc3 Qa5 4. g3 Nf6 5. Bg2 e5 6. Nge2 Be7 7. O-O c6 8. d3 O-O 9. a3 Rd8 10. Bd2 Qc7 11. h3 Be6 12. g4 Bd5 13. Nxd5 cxd5 14. d4 Ne4 15. Be3 Bf6 16. Qd3 exd4 17. Nxd4 Nc6 18. Nxc6 bxc6 19. c3 Re8 20. Bd4 Qf4 21. Be3 Qc7 22. Rab1 Nd6 23. b3 Rad8 24. Bd4 Bxd4 25. cxd4 Ne4 26. Rbc1 Rd6 27. Rc2 Rf6 28. Qe3 Nd6 29. Qg3 Nb5 30. Qxc7 Nxc7 31. Rfc1 Ree6 32. g5 Rg6 33. f4 Rd6 34. h4 f5 35. Bh3 Rge6 36. Bxf5 Re3 37. Rxc6 Rxc6 38. Rxc6 Nb5 39. Be6+ Kf8 40. Bxd5 Nxd4 41. Rc7 Ne2+ 42. Kf2 Nxf4 43. Rf7+ 1-0

[Event "Festival St-Denis B"]
[Site "Montreal CAN"]
[Date "2017.07.23"]
[Round "2.2"]
[White "Mikhalevski, Binyamin"]
[Black "Blanchette, Rene"]
[Result "1/2-1/2"]
[WhiteElo "1700"]
[BlackElo "1782"]
[WhiteFideId "-1"]
[WhiteFideId "-1"]
[PlyCount "100"]
[GameId "2160767908347875"]
[EventDate "2017.07.22"]
[EventType "swiss"]
[EventRounds "8"]
[EventCountry "CAN"]

1. e4 Nf6 2. e5 Nd5 3. d4 d6 4. c4 Nb6 5. exd6 cxd6 6. Nc3 g6 7. Be3 Bg7 8. Rc1 O-O 9. b3 Nc6 10. Be2 e5 11. d5 Ne7 12. Nf3 Bg4 13. h3 Bxf3 14. Bxf3 f5 15. Be2 Rc8 16. Bg5 h6 17. Bh4 g5 18. Bg3 Nd7 19. f3 Qa5 20. O-O a6 21. a4 e4 22. Bxd6 Qb6+ 23. c5 Nxc5 24. Bxc5 Qxc5+ 25. Kh1 Bxc3 26. Bc4 b5 27. d6+ bxc4 28. dxe7 Qxe7 29. Qd5+ Qf7 30. Qxf7+ Rxf7 31. Rxc3 e3 32. Rxe3 cxb3 33. Rxb3 Rc2 34. Rb6 Rd7 35. Rxa6 Rdd2 36. Rg1 Kg7 37. a5 Ra2 38. Ra8 Kg6 39. a6 Kh5 40. a7 Rd7 41. Rh8 Rdxa7 42. g4+ fxg4 43. hxg4+ Kg6 44. Rg2 Ra1+ 45. Kh2 Rf1 46. Rf8 Raa1 47. Kg3 Rh1 48. Rh2 Rxh2 49. Kxh2 Ra2+ 50. Kg3 Ra3 1/2-1/2

[Event "Frank Marshall"]
[Site "Trois-Rivieres CAN"]
[Date "2017.01.09"]
[Round "1"]
[White "Lemyre, Jasmin"]
[Black "Proulx, Eloi"]
[Result "1/2-1/2"]
[WhiteElo "1230"]
[BlackElo "1367"]
[WhiteFideId "-1"]
[WhiteFideId "-1"]
[PlyCount "57"]
[GameId "2160767908474965"]
[EventDate "2017.01.09"]
[EventType "swiss"]
[EventRounds "6"]
[EventCountry "CAN"]

1. e4 e5 2. Nf3 Nc6 3. Bc4 Be7 4. Nc3 Nf6 5. O-O d6 6. h3 O-O 7. d3 Na5 8. Bb3 Nxb3 9. axb3 c6 10. Ne2 Be6 11. Be3 b6 12. Nd2 Qd7 13. Bg5 h6 14. Bxf6 Bxf6 15. f4 exf4 16. Nxf4 Bd4+ 17. Kh1 Bxb2 18. Ra2 Be5 19. c3 Bxc3 20. Qc2 Bxd2 21. Qxd2 Bxb3 22. Nh5 Bxa2 23. Nf6+ gxf6 24. Qxh6 Qe6 25. Rf3 f5 26. Rg3+ Qg6 27. Rxg6+ fxg6 28. Qxg6+ Kh8 29. Qh6+ 1/2-1/2

[Event "Frank Marshall"]
[Site "Trois-Rivieres CAN"]
[Date "2017.01.16"]
[Round "2"]
[White "Cormier, Roger"]
[Black "Lemyre, Jasmin"]
[Result "0-1"]
[WhiteElo "994"]
[BlackElo "1230"]
[WhiteFideId "-1"]
[WhiteFideId "-1"]
[PlyCount "92"]
[GameId "2160767908474966"]
[EventDate "2017.01.09"]
[EventType "swiss"]
[EventRounds "6"]
[EventCountry "CAN"]

1. Nf3 d5 2. d4 e6 3. e3 c5 4. c3 c4 5. Be2 Nf6 6. b3 b5 7. a4 Bd7 8. bxc4 bxc4 9. Ne5 Bd6 10. Na3 Nc6 11. Nxc6 Bxc6 12. Nb5 Be7 13. f4 Qa5 14. Bd2 Bxb5 15. axb5 Qxb5 16. O-O O-O 17. Rb1 Qa5 18. Qc2 Ne4 19. Be1 Rab8 20. Rd1 Rb3 21. Bd2 Nxd2 22. Qxd2 Qxc3 23. Qxc3 Rxc3 24. e4 Re3 25. Rfe1 Bb4 26. Kf2 Rxe4 27. Kf3 Bxe1 28. Rxe1 Rxd4 29. Rc1 Rb8 30. Ke3 Re4+ 31. Kf3 Rb3+ 32. Kf2 Rxf4+ 33. Kg1 f6 34. h3 e5 35. Bd1 Rb2 36. Bc2 c3 37. Kh2 Rfb4 38. Bf5 d4 39. h4 a5 40. Kh3 a4 41. g3 a3 42. Be6+ Kf8 43. Ra1 c2 44. h5 Rb1 45. Rxa3 c1=Q 46. Ra8+ Rb8 0-1

[Event "Frank Marshall"]
[Site "Trois-Rivieres CAN"]
[Date "2017.01.23"]
[Round "3"]
[White "Lemyre, Jasmin"]
[Black "Rochefort, Christian"]
[Result "1-0"]
[WhiteElo "1230"]
[BlackElo "1209"]
[WhiteFideId "-1"]
[WhiteFideId "-1"]
[PlyCount "77"]
[GameId "2160767908474967"]
[EventDate "2017.01.09"]
[EventType "swiss"]
[EventRounds "6"]
[EventCountry "CAN"]

1. e4 e6 2. d4 d5 3. e5 Nc6 4. c3 Nge7 5. Bb5 h6 6. Ne2 a6 7. Ba4 Bd7 8. Bc2 Na7 9. b3 Nec6 10. O-O g5 11. Qd3 Qe7 12. Ba3 Qd8 13. Bc1 Ne7 14. c4 Nac6 15. cxd5 Nb4 16. Qd2 Nxc2 17. Qxc2 Nxd5 18. Nec3 Nb4 19. Qe2 Nc6 20. d5 Nd4 21. Qe4 c5 22. dxe6 Bxe6 23. Rd1 Qc8 24. Rd2 Bf5 25. Qe3 Be6 26. Na3 Nf5 27. Qe4 Qc7 28. Nd5 Bxd5 29. Rxd5 Ne7 30. Qa4+ Nc6 31. Bb2 Bg7 32. Rxc5 O-O 33. Nc2 Rad8 34. Qe4 f5 35. exf6 Rfe8 36. Qc4+ Kh7 37. fxg7 Qd6 38. g8=Q+ Rxg8 39. Qf7+ 1-0

[Event "Gatineau Hiver-A"]
[Site "Gatineau CAN"]
[Date "2017.01.31"]
[Round "1"]
[White "Bastien, Andre"]
[Black "Danilov, Alex"]
[Result "1-0"]
[WhiteElo "1838"]
[BlackElo "1705"]
[WhiteFideId "-1"]
[WhiteFideId "-1"]
[PlyCount "70"]
[GameId "2160767908478753"]
[EventDate "2017.01.31"]
[EventType "swiss"]
[EventRounds "4"]
[EventCountry "CAN"]
[SourceTitle "EXT 2022"]
[Source "ChessBase"]
[SourceDate "2021.10.06"]
[SourceVersion "1"]
[SourceVersionDate "2021.10.06"]
[SourceQuality "1"]

1. d4 Nf6 2. c4 e6 3. Nc3 Bb4 4. g3 O-O 5. Bg2 d5 6. Nf3 dxc4 7. Ne5 Nd5 8. Bd2 b5 9. Nxb5 Bxd2+ 10. Qxd2 c6 11. Na3 Ba6 12. Nexc4 Qe7 13. O-O Rd8 14. Rfe1 Nb6 15. Ne5 Nd5 16. Rac1 Bb7 17. Nd3 Nd7 18. e4 N5f6 19. e5 Nd5 20. Nc4 Ba6 21. Na5 Nb8 22. Nc5 Bc8 23. a3 Qc7 24. b4 Qb6 25. Nc4 Qc7 26. Nd6 Qe7 27. f4 f5 28. Qa2 a5 29. b5 Rxd6 30. exd6 Qxd6 31. Qe2 Ra7 32. Nd3 Nc3 33. Qe5 Qxe5 34. Rxe5 Nxb5 35. Rxb5 cxb5 1-0

[Event "Gatineau Hiver-A"]
[Site "Gatineau CAN"]
[Date "2017.01.31"]
[Round "1"]
[White "Desjardins, Michel"]
[Black "Jobin, Gilles G"]
[Result "1/2-1/2"]
[WhiteElo "1943"]
[BlackElo "1836"]
[WhiteFideId "-1"]
[WhiteFideId "-1"]
[PlyCount "41"]
[GameId "2160767908478754"]
[EventDate "2017.01.31"]
[EventType "swiss"]
[EventRounds "4"]
[EventCountry "CAN"]
[SourceTitle "EXT 2022"]
[Source "ChessBase"]
[SourceDate "2021.10.06"]
[SourceVersion "1"]
[SourceVersionDate "2021.10.06"]
[SourceQuality "1"]

1. e4 d6 2. d4 Nf6 3. Nc3 Nbd7 4. Nf3 e5 5. Bc4 Be7 6. O-O O-O 7. Re1 h6 8. h3 Re8 9. Bb3 exd4 10. Nxd4 Nc5 11. Bc4 Bf8 12. Qf3 c6 13. Bf1 d5 14. e5 Nfe4 15. Bf4 Qb6 16. Nb3 Nxc3 17. Qxc3 Nxb3 18. Qxb3 Qxb3 19. axb3 Bf5 20. c3 a6 21. g4 1/2-1/2

[Event "Gatineau Hiver-A"]
[Site "Gatineau CAN"]
[Date "2017.01.31"]
[Round "1"]
[White "Guimond, Michel"]
[Black "Scantland, Patrick"]
[Result "1-0"]
[WhiteElo "1867"]
[BlackElo "1753"]
[WhiteFideId "-1"]
[WhiteFideId "-1"]
[PlyCount "79"]
[GameId "2160767908478755"]
[EventDate "2017.01.31"]
[EventType "swiss"]
[EventRounds "4"]
[EventCountry "CAN"]
[SourceTitle "EXT 2022"]
[Source "ChessBase"]
[SourceDate "2021.10.06"]
[SourceVersion "1"]
[SourceVersionDate "2021.10.06"]
[SourceQuality "1"]

1. e4 e5 2. Nf3 Nc6 3. Bb5 a6 4. Ba4 Nf6 5. d3 b5 6. Bb3 Be7 7. c3 d6 8. Nbd2 O-O 9. Nf1 h6 10. Ng3 Re8 11. O-O Bf8 12. h3 Bb7 13. a3 Na5 14. Ba2 c5 15. b4 cxb4 16. axb4 Nc6 17. Nh4 d5 18. Nhf5 Ne7 19. Qb3 Qd7 20. Nxe7+ Qxe7 21. f4 Rac8 22. Bd2 Red8 23. Nf5 Qc7 24. fxe5 Qxe5 25. d4 Qxe4 26. Qb2 Qe8 27. Nxh6+ Kh8 28. Rae1 Qd7 29. Bb1 Rc6 30. Bg5 gxh6 31. Bxf6+ Rxf6 32. Rxf6 Re8 33. Rxe8 Qxe8 34. Qc2 Qe1+ 35. Kh2 Qe4 36. Qd1 Qh4 37. Qf1 Bc8 38. Rxf7 Bd6+ 39. Kh1 Be6 40. Qf6+ 1-0

[Event "Gatineau Hiver-A"]
[Site "Gatineau CAN"]
[Date "2017.01.31"]
[Round "1"]
[White "Raymond, Daniel"]
[Black "Solunac, Sasha"]
[Result "0-1"]
[WhiteElo "1815"]
[BlackElo "1917"]
[WhiteFideId "-1"]
[WhiteFideId "-1"]
[PlyCount "62"]
[GameId "2160767908478756"]
[EventDate "2017.01.31"]
[EventType "swiss"]
[EventRounds "4"]
[EventCountry "CAN"]
[SourceTitle "EXT 2022"]
[Source "ChessBase"]
[SourceDate "2021.10.06"]
[SourceVersion "1"]
[SourceVersionDate "2021.10.06"]
[SourceQuality "1"]

1. e4 e6 2. d4 d5 3. Nd2 Nf6 4. e5 Nfd7 5. Bd3 c5 6. c3 Nc6 7. Ne2 cxd4 8. cxd4 f6 9. exf6 Nxf6 10. O-O Bd6 11. Nf3 Qc7 12. Nc3 a6 13. Bg5 O-O 14. Rc1 Bd7 15. a3 Be8 16. Re1 Bh5 17. Rxe6 Bxf3 18. Qxf3 Nxd4 19. Qh3 Nxe6 20. Qxe6+ Kh8 21. Nb5 Bxh2+ 22. Kh1 Qe5 23. Nc7 Qxg5 24. Nxa8 Qxc1+ 25. Kxh2 Rxa8 26. Qb6 Qc6 27. Qd4 Re8 28. Qh4 Re5 29. g4 Nxg4+ 30. Qxg4 Qh6+ 31. Kg3 Rg5 0-1

[Event "Gatineau Hiver-A"]
[Site "Gatineau CAN"]
[Date "2017.01.31"]
[Round "1"]
[White "Solunac, Stephen"]
[Black "Thibault, Mario"]
[Result "0-1"]
[WhiteElo "1748"]
[BlackElo "1841"]
[WhiteFideId "-1"]
[WhiteFideId "-1"]
[PlyCount "58"]
[GameId "2160767908478757"]
[EventDate "2017.01.31"]
[EventType "swiss"]
[EventRounds "4"]
[EventCountry "CAN"]
[SourceTitle "EXT 2022"]
[Source "ChessBase"]
[SourceDate "2021.10.06"]
[SourceVersion "1"]
[SourceVersionDate "2021.10.06"]
[SourceQuality "1"]

1. d4 Nf6 2. Nf3 e6 3. Bf4 c5 4. e3 b6 5. Bd3 Bb7 6. c3 cxd4 7. exd4 d6 8. Nbd2 Be7 9. Qe2 Nbd7 10. O-O O-O 11. Rfe1 Re8 12. Ng5 Bf8 13. Qe3 e5 14. dxe5 dxe5 15. Bc4 Bd5 16. Qd3 Nc5 17. Qf5 Bxc4 18. Nxc4 exf4 19. Ne5 Qd5 20. Ngxf7 Qe6 21. Qg5 Ng4 22. Qxf4 Nxe5 23. Nxe5 Bd6 24. Re3 Bxe5 25. Qg5 Qf6 26. Qg4 Rad8 27. Rf3 Qe6 28. Qh5 Bf6 29. h3 Rd5 0-1

[Event "Gatineau Hiver-A"]
[Site "Gatineau CAN"]
[Date "2017.02.07"]
[Round "2"]
[White "Raymond, Daniel"]
[Black "Desjardins, Michel"]
[Result "0-1"]
[WhiteElo "1815"]
[BlackElo "1943"]
[WhiteFideId "-1"]
[WhiteFideId "-1"]
[PlyCount "134"]
[GameId "2160767908478758"]
[EventDate "2017.01.31"]
[EventType "swiss"]
[EventRounds "4"]
[EventCountry "CAN"]
[SourceTitle "EXT 2022"]
[Source "ChessBase"]
[SourceDate "2021.10.06"]
[SourceVersion "1"]
[SourceVersionDate "2021.10.06"]
[SourceQuality "1"]

1. e4 d5 2. exd5 Qxd5 3. Nc3 Qd6 4. d4 Nf6 5. Nf3 c6 6. Be2 Bf5 7. O-O Nbd7 8. Bg5 e6 9. a3 Qc7 10. Bd3 Bg6 11. Re1 Bd6 12. Ne4 Nxe4 13. Bxe4 O-O 14. c4 Rfe8 15. Bxg6 hxg6 16. c5 Be7 17. Qd2 Nf6 18. Bf4 Qd7 19. Bg5 Rad8 20. Re2 Qd5 21. Re5 Qb3 22. Re3 Qd5 23. Re5 Qd7 24. Rae1 Ng4 25. R5e2 Nf6 26. b4 Nd5 27. Bxe7 Nxe7 28. Qg5 Nf5 29. Re4 Qe7 30. Qxe7 Nxe7 31. g4 Nd5 32. Rc1 Nf6 33. Rf4 Rd5 34. h4 Red8 35. g5 Nh5 36. Re4 Rf5 37. Re3 Nf4 38. Kf1 Nd5 39. Rb3 a6 40. a4 Nc7 41. Kg2 Rf4 42. Kg3 Re4 43. Rcc3 Nd5 44. Rd3 Nf4 45. Re3 Ne2+ 46. Kh2 Nxd4 47. Rxe4 Nxb3 48. Ne5 Rd4 49. Rxd4 Nxd4 50. Nd3 Kf8 51. Kg3 Ke7 52. Kg4 f6 53. f4 Kd7 54. h5 gxh5+ 55. Kxh5 Ke7 56. Kg6 fxg5 57. fxg5 Nf3 58. Kh5 e5 59. Kg4 e4 60. Nf2 e3 61. Kxf3 exf2 62. Kxf2 Ke6 63. Kg3 Kf5 64. Kh4 g6 65. Kh3 Kxg5 66. Kg3 Kf5 67. Kf3 g5 0-1